000
00324nam a2200145Ia 4500
008
230605s2000 xx 000 0 und d
041
_a
eng
100
_a
Jane Fellows
245
_a
House -Keeping Supervision
260
_b
Pitman
_c
2000
300
_a
199p
520
_a
General
520
_a
Hard Board
650
_a
H.K.
999
_c
419779
_d
419779